000 00333nam a2200145 i 4500
001 bg
100 1 _aAKOEV, I. G.
245 0 _aProblemy postlučevogo vosstanovlenija /
_cI. G. Akoev.
260 _aMoskva,
_c1970.
040 _cBPK
041 _apol
080 _a577.3
942 _cKS
008 s pl f |000 0 pol
999 _c9102
_d9102
856 _uhttp://koha.tu.koszalin.pl/cgi-bin/koha/opac-detail.pl?biblionumber=9102
_yKatalog online BPK